000 00517nam a2200181Ia 4500
999 _c8836
_d8836
003 OSt
005 20201008103353.0
008 190216s9999||||xx |||||||||||||| ||und||
020 _a8177220209
040 _coclc
082 _a005.369
_bCOP/O
100 _aCopestake, Stephen
_94378
245 0 _aOffice 2000 In Easy Steps /
_cStephen Copestake
260 _bDream Tech Press,
_aNew Delhi:
_c2004.
300 _a186p
650 _aComputer
942 _cBK
_2ddc
_h005.369
_iCOP/O
_k005.369
_mCOP/O